000 00296nam a22001337a 4500
020 _a978-81-291-1591-1
082 _a823
_bBON/H
100 _aBOND, RUSKIN
245 _aHAUNTED HOUSES
260 _aDELHI
_bRUPA & CO
_c2010
300 _a234
650 _aCHILDRENS STORY BOOK
_zINDIA
942 _cBK
999 _c2633
_d2633